| 000 | 01268njm a22002657a 4500 | ||
|---|---|---|---|
| 005 | 2010090609299.0 | ||
| 006 | a|||||r|||||00| 0 | ||
| 007 | sd ammalaaahaa | ||
| 008 | 100901t xxu||||| |||| 00| 0 eng d | ||
| 028 |
_aN-88287 _bHis Master 's Voice |
||
| 035 | _aGR-847 | ||
| 040 |
_aSED _cSED |
||
| 100 |
_aHabib Wali Mohammed _917816 |
||
| 245 |
_aGajal/ _h[Gramophone Recoding] : _b _cby Habib Wali Mohammed |
||
| 246 | _aगजल /( हबीब वाली मोहम्मद ) | ||
| 260 |
_aDum Dum, India: _bHis Master 's Voice |
||
| 300 |
_a1 sound Disc [GramaphoneRecording] : _banalog, 33 1/3 rpm ; _c9.5 in (MP) _fGramaphone Records |
||
| 500 | _aBrief Record | ||
| 505 | _a१ मेरा जो हाल हो सो हो (गजल )(हबीब वाली मोहम्मद )1Mera jo hal ho so ho(gajal)(Habib Wali Mohammed)साइड २ न्याजो नाज के झगरे मिटे जाते हे Side 2 Nyajo Naj ke jhagre Mitay jate he | ||
| 650 |
_aMotion Picture Music _xExcerpts _zIndia _917817 |
||
| 700 |
_917836 _aMurli manoher Swarup |
||
| 700 |
_aJiger Murada badi _918629 |
||
| 942 |
_2ddc _cGR |
||
| 999 |
_c44067 _d44067 |
||